000 00668nam a2200229Ia 4500
003 OSt
005 20220923230154.0
006 a|||||r|||| 00| 0
007 ta
008 Pun
024 _a278,001
037 _cTextual
040 _aARTS
_cARTS
_bPun
041 _2Pun
_aPun
082 _aY73(P153):351, 153M6;N0
100 _aਘੁੰਮਣ, ਬਿਕਰਮ ਸਿੰਘ
_9156274
245 0 _aਪੰਜਾਬੀ ਲੋਕ ਗੀਤ ਪਰੰਪਰਾ
260 _c1990
650 _aਸਮਾਜ Fਾਸਤਰ
942 _hY73(P153):351, 153M6;N0
_cTEXL
_2CC
999 _c383005
_d383005